000 00792nam a2200277Ia 4500
003 OSt
005 20220928125346.0
006 a|||||r|||| 00| 0
007 ta
008 220927b |||||||| |||| 00| 0 eng d
020 _c0
024 _a112201
037 _bGIFT, 21/07/2011, Gift
_cTextual
040 _aSDCL
_cSDCL
_beng
041 _2eng
_aeng
082 _aD651:911, N8
100 _aZiemer Rodger E
_9423045
245 0 _aSignals and systems
_b Continuous and discrete.
250 _a4
260 _aDelhi
_bPearson
_c1998
300 _axvii,622p.
_ccm.
650 _aGift
_9391569
700 _a Tranter William H
_9469382
942 _hD651:911, N8
_cTEXL
_2CC
999 _c782039
_d782039